000 00408nam a22001457a 4500
082 _aM09
_bSAN/V
100 _aSanu M K
_9173642
245 _aVimarsanathile Rajasilpi/
_cby Sanu M K
260 _aKozhikode:
_bMarar Sahithya Prakasam,
_c2005.
300 _a111p.
650 _aLiterature Malayalam Criticism
_9173643
650 _aLiterature Malayalam
_9173644
650 _aLiterature
_9173645
942 _cBK
999 _c142467
_d142467